000 00715nam a2200241Ia 4500
003 OSt
005 20220925205637.0
006 a|||||r|||| 00| 0
007 ta
008 220923b |||||||| |||| 00| 0 eng d
037 _cGeneral Book
040 _aRTL
_cRTL
_beng
041 _2eng
_aeng
082 _aX:8K, L9
100 _aBlack Homer A Ed.
_9270632
245 0 _aManagerial and cost accountants hand book
260 _aHomewood
_bDow Jones Irwin
_c1979
300 _axxv,1297p. Bib chapterwise
_ccm.
650 _aCost Accuounts
700 _a Don Edwards James Ed.
_9270633
942 _hX:8K, L9
_cGB
_2CC
999 _c552751
_d552751